| 000 | 01003nam0a2200301 4500 | ||
|---|---|---|---|
| 001 | RU\NLR\ONL2\13475 | ||
| 005 | 20260129074526.0 | ||
| 035 | _a(NLR Aleph) 009661060 | ||
| 090 |
_a13516708 _c13516708 |
||
| 100 | _a20090422d1953 u y0rusy50 ca | ||
| 101 | 0 | _aaze | |
| 102 | _aAZ | ||
| 105 | _ay ||||||||| | ||
| 200 | 1 |
_aМусиги hаггында сөhбәт _fӘ. Б. Бәдәлбәjли |
|
| 210 |
_aБакы _cУшагкэнчнэшр _d1953 |
||
| 215 |
_a80 с., 2 л. схем. _d20 |
||
| 541 | 1 |
_6z01790 _aБеседа о музыке _zrus |
|
| 606 | 0 |
_aМузыка _9888123 _3RU\NLR\auth\66429 |
|
| 686 | 1 |
_aШ9 _bЩ31 |
|
| 700 | 1 |
_aБәдәлбәjли _bӘ. Б. _gӘфрасиjаб Бәдәл оғлу _4070 |
|
| 790 | 1 |
_6z01541 _aБадалбейли _bА. Б. _gАфрасияб Бадал оглы _4070 |
|
| 801 | 0 |
_aRU _bNLR _c20090422 _gPSBO |
|
| 852 |
_aNLR _bОНЛ _jАзерб./2-6917 |
||
| 942 | _cBOOK | ||
| 980 | _aONL_RF | ||
| 980 | _aNB | ||